| 000 | 01231nas a2200289 a 4500 | ||
|---|---|---|---|
| 001 | 000037126 | ||
| 003 | DO-SdBNP | ||
| 005 | 20200809110125.0 | ||
| 008 | 110321c19109999dr ar1pdd 0 z0spa d | ||
| 040 |
_aDO-SdBNP _bspa _cDO-SdBNP |
||
| 043 | _anwdr | ||
| 110 | 0 |
_aColegio de Abogados de Santo Domingo _963532 |
|
| 222 | 0 | _aAnales del Colegio de Abogados | |
| 245 | 0 | 0 | _aAnales del Colegio de Abogados. |
| 260 |
_aSanto Domingo, República Dominicana : _bColegio de Abogados de Santo Domingo, _c1910-. |
||
| 300 |
_av. : ; _c26 cm. |
||
| 310 | _aAnual | ||
| 362 | 0 | _aInicia con: (1910). | |
| 500 | _aDescripción basada en: (1910). | ||
| 610 | 2 | 4 |
_aCOLEGIO DE ABOGADOS DE SANTO DOMINGO(REPÚBLICA DOMINICANA) _vPUBLICACIONES PERIÓDICAS _963533 |
| 650 | 2 | 4 |
_aLey de sociedades _zRepública Dominicana _vPUBLICACIONES PERIÓDICAS _963534 |
| 650 | 2 | 4 |
_aLeyes _xInformes, resúmenes, etc. _zRepública Dominicana _vPUBLICACIONES PERIÓDICAS _963535 |
| 650 | 2 | 4 |
_aDerecho _zRepública Dominicana _vPUBLICACIONES PERIÓDICAS _931812 |
| 656 | 7 |
_aABOGADOS _zREPÚBLICA DOMINICANA _vPUBLICACIONES PERIÓDICAS |
|
| 651 | 4 |
_aRepública Dominicana _vPUBLICACIONES PERIÓDICAS _925092 |
|
| 710 | 2 |
_aColegio de Abogados de Santo Domingo _963532 |
|
| 999 |
_c36616 _d36616 |
||